| 000 | 01189nam a2200289Ia 4500 | ||
|---|---|---|---|
| 003 | OSt | ||
| 005 | 20221005105830.0 | ||
| 006 | a|||||r|||| 00| 0 | ||
| 007 | ta | ||
| 008 | 221004b |||||||| |||| 00| 0 kan d | ||
| 020 |
_a9788126023486 (HBK) _c160 |
||
| 024 | _a95155 | ||
| 037 |
_bB282/08, 24/01/2009, Bharat Pustak Bhandar _cTextual |
||
| 040 |
_aCRL _cCRL _bkan |
||
| 041 |
_2kan _akan |
||
| 082 | _aO33,3N42,IS, 152P8 | ||
| 100 | _aमुकुंदन, एम. | ||
| 245 | 0 | _aईश्वर की शरारतें | |
| 246 | _aĪshvar kī sharāratean | ||
| 260 |
_aनई दिल्ली _bसाहित्य अकादमी भारत _c2008 |
||
| 300 |
_a298पृ0 _ccm. |
||
| 490 | _aसाहित्य अकादमी द्वारा पुरस्कृत मलयालम उपन्यास | ||
| 650 | _aकन्नड़ साहित्य | ||
| 700 | _a मोहनन, वी. टी. वी. | ||
| 942 |
_hO33,3N42,IS, 152P8 _cTEXL _2cc |
||
| 999 |
_c1017025 _d1017025 |
||